| 000 | 00620nam a22002177a 4500 | ||
|---|---|---|---|
| 001 | 0074 | ||
| 003 | DO-SdBNP | ||
| 005 | 20180206105616.0 | ||
| 007 | 0074 | ||
| 008 | 151013b sp 1987 xxu||||| |||| 00| 0 spa d | ||
| 020 | _a9788430519477 | ||
| 040 |
_aBPMSU _bspa _cBPMSU |
||
| 092 |
_axxxxxxxx _bxxxxxxxx |
||
| 100 | 1 | 0 | _aWolf, Stefan |
| 245 |
_aTerror en las aulas : _bun caso para Patitas, Albóndigas, Karl, Tarzán y Oscar / _cStefan Wolf |
||
| 260 |
_aMadrid, España : _bSusaeta, _c1987 |
||
| 300 |
_a172 p. : _bil., _c20 cm. |
||
| 942 |
_2ddc _cBK |
||
| 945 | _ainventariado, 2018 / dg | ||
| 956 | _aBrenda Tavárez | ||
| 999 |
_c8374 _d8374 |
||